<?xml version="1.0" encoding="UTF-8"?><?xml-stylesheet type="text/xsl" href="static/style.xsl"?><OAI-PMH xmlns="http://www.openarchives.org/OAI/2.0/" xmlns:xsi="http://www.w3.org/2001/XMLSchema-instance" xsi:schemaLocation="http://www.openarchives.org/OAI/2.0/ http://www.openarchives.org/OAI/2.0/OAI-PMH.xsd"><responseDate>2026-04-17T22:49:48Z</responseDate><request verb="GetRecord" identifier="oai:www.recercat.cat:2072/454539" metadataPrefix="marc">https://recercat.cat/oai/request</request><GetRecord><record><header><identifier>oai:recercat.cat:2072/454539</identifier><datestamp>2025-04-13T13:20:22Z</datestamp><setSpec>com_2072_98</setSpec><setSpec>col_2072_378195</setSpec></header><metadata><record xmlns="http://www.loc.gov/MARC21/slim" xmlns:dcterms="http://purl.org/dc/terms/" xmlns:xsi="http://www.w3.org/2001/XMLSchema-instance" xmlns:doc="http://www.lyncode.com/xoai" xsi:schemaLocation="http://www.loc.gov/MARC21/slim http://www.loc.gov/standards/marcxml/schema/MARC21slim.xsd">
   <leader>00925njm 22002777a 4500</leader>
   <datafield ind2=" " ind1=" " tag="042">
      <subfield code="a">dc</subfield>
   </datafield>
   <datafield ind2=" " ind1=" " tag="720">
      <subfield code="a">Cristancho, Camilo</subfield>
      <subfield code="e">author</subfield>
   </datafield>
   <datafield ind2=" " ind1=" " tag="260">
      <subfield code="c">2015</subfield>
   </datafield>
   <datafield ind2=" " ind1=" " tag="520">
      <subfield code="a">I acknowledge the financial support of the ESF Eurocores collaborative research project Caught in the Act of Protest: Contextualizing Contestation (www.protestsurvey.eu)</subfield>
   </datafield>
   <datafield ind2=" " ind1=" " tag="520">
      <subfield code="a">Blame attribution for outcomes of public interest is central to understanding politics as it reflects perceptions of political disagreement. It is an especially decisive matter in protest politics. When dealing with highly divisive issues, demonstrators point to different kinds of actors and in this way they express different views of political dissent. Some blame actors who hold opposing stances that challenge their beliefs (adversaries), others blame government competence, and others signal collective responsibility or point to broader socio-economic outcomes. This study questions to what extent does conceiving dissent as adversarial politics is related to political attitudes such as party identity or external efficacy, how those perceptions are affected by social movement organizations and under what conditions is influence stronger. Research on framing effects has dealt with "frames in thought" focusing on emphasis changes and from a mostly experimental approach with limited external validity. With protest survey data from 47 events on eight position issues that took place in eight European countries between 2009 and 2012, I find evidence for the importance of issue-specific contexts in explaining individual perceptions. Issue-divisiveness as expressed by public opinion is the strongest predictor for perceiving disagreement as adversarial politics. Social movement organizations also play a major role in making sense of the protest issues through frame alignment processes. Individual traits have a weaker power for explaining perceptions, but voting and party identity do matter in how individuals frame blame attribution. These findings are relevant to the study of political disagreement and its relation to influence and mobilization processes.</subfield>
   </datafield>
   <datafield tag="653" ind2=" " ind1=" ">
      <subfield code="a">Protest</subfield>
   </datafield>
   <datafield tag="653" ind2=" " ind1=" ">
      <subfield code="a">Political disagreement</subfield>
   </datafield>
   <datafield tag="653" ind2=" " ind1=" ">
      <subfield code="a">Political behavior</subfield>
   </datafield>
   <datafield tag="653" ind2=" " ind1=" ">
      <subfield code="a">Multilevel analysis</subfield>
   </datafield>
   <datafield ind2="0" ind1="0" tag="245">
      <subfield code="a">Dealing with political adversaries and disagreement in contentious politics</subfield>
   </datafield>
</record></metadata></record></GetRecord></OAI-PMH>